000 00705nam a2200253Ia 4500
003 OSt
005 20221005101830.0
006 a|||||r|||| 00| 0
007 ta
008 221004b |||||||| |||| 00| 0 eng d
024 _a74118
037 _cTextual
040 _aCRL
_cCRL
_beng
041 _2eng
_aeng
082 _aS1, M0
100 _aMurray Eloise Ed.
_9622669
245 0 _aChild's first learning environment selected readings in home economics
260 _aUnesco
_bUnesco
_c1980
300 _a67p.
_ccm.
490 _aEducationl studies and documents. No. 37
650 _aPSYCHOLOGY
942 _hS1, M0
_cTEXL
_2cc
999 _c1007474
_d1007474